000 00721 a2200229 4500
005 20260309100211.0
008 260112b |||||||| |||| 00| 0 eng d
020 _a9780367247317 (hbk)
037 _cTB
040 _aCRL
_cCRL
041 _2eng
_aeng
084 _aV2:51.N47 Q9
_qCRL
100 _aRanjan, Amit
_9855819
245 _aPartition of India:
_bpostcolonial legacies
260 _aLondon, UK;
_aNew York, USA:
_bRoutledge,
_c2019.
300 _a317p.
365 _b1495.00
_cINR
650 _aHistory
650 _aIndia History
942 _cTB
_2CC
_n0
_hV2:51.N47 Q9
999 _c1466167
_d1466167